Verenigde Staten van Amerika Kaart - Statistieken

Algemene statistieken
  • Deze quiz is 421 keer genomen
  • De gemiddelde score is 27 van 50
Antwoorden op de kaart
Antwoorden kleurgecodeerd door een groen-rode schaal op de quizkaart volgens % correct hieronder.
 
Antwoordstatistieken
Antwoord % Correct
Hawaii
89%
Alaska
87%
California
87%
Texas
86%
Florida
84%
Washington
82%
New Mexico
74%
Oregon
67%
South Dakota
66%
Arizona
65%
New York
65%
North Carolina
64%
North Dakota
64%
Louisiana
63%
Tennessee
61%
Maine
60%
South Carolina
60%
Michigan
59%
Nevada
59%
Georgia
57%
West Virginia
57%
Alabama
56%
Montana
56%
Virginia
54%
Pennsylvania
53%
Idaho
51%
Kentucky
51%
Minnesota
48%
Mississippi
48%
Vermont
48%
Colorado
47%
Illinois
47%
Rhode Island
47%
Utah
47%
New Jersey
46%
Indiana
44%
Delaware
43%
Maryland
43%
Massachusetts
42%
Oklahoma
42%
Ohio
41%
Wyoming
41%
Connecticut
40%
New Hampshire
39%
Nebraska
35%
Kansas
34%
Arkansas
32%
Missouri
32%
Wisconsin
32%
Iowa
31%
Geen overeenkomende quizzen gevonden
Scoreverdeling
Procent van Mensen met Elke Score
Percentiel versus Aantal Correcte Antwoorden
Uw Scoregeschiedenis
U heeft deze quiz nog niet genomen